Histoire de la révolution française (Record no. 163867)

MARC details
000 -LEADER
campo de control de longitud fija 00911nam a22002175i 4500
001 - NÚMERO DE CONTROL
campo de control 163867
003 - IDENTIFICADOR DE NÚMERO DE CONTROL
campo de control ES-MaACL
005 - FECHA Y HORA DE LA ÚLTIMA TRANSACCIÓN
campo de control 20231103062536.0
008 - DATOS DE LONGITUD FIJA--INFORMACIÓN GENERAL
campo de control de longitud fija 050720s1860 fr | |||||||| ||fre d
040 ## - FUENTE DE CATALOGACIÓN
Centro catalogador/agencia de origen CAM
Lengua de catalogación spa
Centro/agencia transcriptor CAM
100 1# - ENTRADA PRINCIPAL--NOMBRE DE PERSONA
Nombre de persona Roisselet de Sauclières.
9 (RLIN) 131996
245 10 - MENCIÓN DEL TÍTULO
Título Histoire de la révolution française
Resto del título : précédée d'un aperçu historique sur les règnes de Louis XV et de Louis XVI et suivie du Procès de Louis XVI, tiré des séances de la Convention Nationale /
Mención de responsabilidad, etc. par Roisselet de Sauclières.
250 ## - MENCION DE EDICION
Mención de edición 2e éd.
260 ## - PUBLICACIÓN, DISTRIBUCIÓN, ETC.
Lugar de publicación, distribución, etc. Paris :
Nombre del editor, distribuidor, etc. Adolphe Delahays, libraire-éditeur,
Fecha de publicación, distribución, etc. 1860.
300 ## - DESCRIPCIÓN FÍSICA
Extensión 1 v. ;
Dimensiones 23 cm.
597 ## - NOTA DE DESCRIPCIÓN FÍSICA
NOTA DE DESCRIPCIÓN FÍSICA T. I. (444 p.)
651 #4 - PUNTO DE ACCESO ADICIONAL DE MATERIA--NOMBRE GEOGRÁFICO
Nombre geográfico Francia-
Subdivisión general Historia-
Subdivisión cronológica 1789-1799, Revolución
9 (RLIN) 8685
651 #4 - PUNTO DE ACCESO ADICIONAL DE MATERIA--NOMBRE GEOGRÁFICO
Nombre geográfico Francia-
Subdivisión general Historia-
Subdivisión cronológica 1643-1715, Luis XIV.
9 (RLIN) 8682
852 ## - LOCALIZACIÓN
Ubicación ES-MaACL
Número de control de estantería B-3489
Nota libre -- Sin enc.
condición física -- Contiene únicamente T. I
Holdings
Estatus retirado Estado de pérdida Estado de daño No para préstamo Colección Biblioteca de origen Biblioteca actual Ubicación en estantería Fecha de adquisición Fuente de adquisición Total de préstamos Signatura topográfica completa Código de barras Visto por última vez Precio de reemplazo Tipo de ítem Koha
        Libros del s. XIX Biblioteca del Ateneo de Madrid Biblioteca del Ateneo de Madrid Sala Pardo Bazán 17/01/2008     B-3489 1171737 23/02/2023 23/02/2023 Libro impreso antiguo